| 000 | 00501nam a2200169 i 4500 | ||
|---|---|---|---|
| 001 | 82360 | ||
| 003 | ES-MaACL | ||
| 005 | 20251014063134.0 | ||
| 007 | t| | ||
| 008 | 041110s1949 sp ||||1| spa d | ||
| 100 | 1 |
_aAstur, Eugenia, _d1888-1947 _923698 |
|
| 245 | 1 | 3 |
_aLa roca Tarpeya / _cpor Enriqueta G. Infanzón ["Eugenia Astur", seud.]. |
| 260 |
_aOviedo : _bLa Nueva España, _c1949. |
||
| 300 |
_a38 p. ; _c21 cm. |
||
| 852 |
_aES-MaACL _j1924-F-8 _bR.29965 |
||
| 999 |
_c82360 _d82360 |
||